San Francisco de la Montaña : Jolyel del Arte Barroco Americano /
Guardado en:
| Autor principal: | |
|---|---|
| Formato: | Desconocido |
| Lenguaje: | Spanish |
| Publicado: |
Panamá :
Instituto Nacional de Cultura. Dirección Nacional del Patromonio Histórico,
1980.
|
| Materias: | |
| Etiquetas: |
Agregar Etiqueta
Sin Etiquetas, Sea el primero en etiquetar este registro!
|
MARC
| LEADER | 000000000a22000000004500 | ||
|---|---|---|---|
| 001 | 001710 | ||
| 041 | 0 | |a spa | |
| 082 | 0 | 4 | |a 730.972.87 |b S195s |
| 100 | 1 | |a Torres de Araúz, Reina, 1932-1982 | |
| 245 | 1 | 0 | |a San Francisco de la Montaña : |b Jolyel del Arte Barroco Americano / |c Reina Torres de Araúz. |
| 260 | 1 | |a Panamá : |b Instituto Nacional de Cultura. Dirección Nacional del Patromonio Histórico, |c 1980. | |
| 300 | |a 103 páginas | ||
| 650 | 4 | |a PANAMA | |
| 650 | 4 | |a ARTE BARROCO | |
| 650 | 4 | |a IGLESIA CATOLICA | |
| 650 | 4 | |a ARTE AMERICANO | |
| 650 | 4 | |a SAN FRANCISCO DE LA MONTAÑA | |
| 999 | |c 8396 |d 8396 | ||
| 942 | |c BK |h 730.972.87 S195s |2 z | ||
